Le cinéma de Georges LAUTNER - Statistiques

Statistiques générales
  • Ce quiz a été pris 15 fois
  • Le résultat moyen est 12 sur 20
Statistiques - réponses
Hint Réponse % Correct
Paul Meurisse en agent d'espionnage Le monocle noir
90%
Belmondo, en boeuf carotte efficace Flic ou voyou
80%
1981 Ennio Morricone pour Belmondo Le professionnel
80%
Faut r'connaître… c'est du brutal ! Les tontons flingueurs
80%
1987 Dure journée Pour Roland Giraud La vie dissolue de Gérard Floque
70%
Claude Brasseur protège Mireille Darc d'Alain Delon Les seins de glace
70%
1992, dernier film de Lautner, adapté de Simenon L'inconnu dans la maison
70%
1973 Des hippies au village ! Quelques messieurs trop tranquilles
70%
1984 Ne jamais laisser sa Fiat Uno à Belmondo Joyeuses Pâques
60%
1967 Mireille Darc et les envolées lyriques de Francis Blanche La grande sauterelle
60%
1971 Jean Yanne et Mireille Darc pour la chorégraphie Laisse aller... c'est une valse !
60%
1980 : un voleur de temps en temps ça se repose Le guignolo
60%
Un barbu, c'est un barbu, mais 3 barbus ... Les barbouzes
60%
Biraud, Serrault, de Funès, Darc, ... Des pissenlits par la racine
50%
1972 Michel Constantin est le Commissaire Campana ... et Louis Il était une fois un flic
50%
Constantin, Darc, Marielle, Galabru La valise
50%
Audiard aux dialogues, Gainsbourg à la musique ... Le pacha
50%
Lino Ventura, Michel Constantin, Jean Lefebvre et la R8 Gordini Ne nous fâchons pas
50%
Duval fait acquitter Sautral, puis le tue ... Le septième juré
40%
Ornella Muti, Mireille Darc, Stéphane Audran et Alain Delon Mort d'un pourri
20%
Aucun quiz correspondant
Distribution des résultats
% des personnes avec chaque résultat
Percentile par nombre de réponses
Votre historique - résultats
Vous n’avez pas pris ce quiz